00661cam a22002051 45000010005000000030008000050050017000130080039000300350018000690350018000870400042001050410008001470820016001551000040001712450062002112600026002733000036002995040051003356510069003865556BD-RjUL20211208234103.0131226s1946 maua b 001 0 eng a(BD-RjUL)5592 a(OCoLC)268731 aDLCcOTifHdMoSU-LdDLCdBD-RjULbeng aeng a342.73bSHG1 aShoup, Earl L.q(Earl Leon),d1886-14aThe government of the American people,cby Earl L. Shoup. aBoston,bGinncc1946. aix, 1206 p. :billus. ;c24 cm. aIncludes bibliographical references and index. 0aUnited StatesxPolitics and governmentvHandbooks, manuals, etc.